| 000 | 00678nam a22002057a 4500 | ||
|---|---|---|---|
| 005 | 20100805101958.0 | ||
| 010 | _aENG-98269 | ||
| 020 |
_a9788120340602 _c195.00 |
||
| 035 | _aEN-81802 | ||
| 037 | _bDBAD/PUB | ||
| 082 | _a530 | ||
| 100 |
_aJain, Mahesh C. _91399 |
||
| 245 |
_aTextbook of engineering physics / _cby Mahesh C. Jain |
||
| 260 |
_aNew Delhi _bPHI Learning _c2010 |
||
| 270 |
_aM-97, Connaught Circus _bNew Delhi _e110001 |
||
| 300 |
_aPt-II (xii,260p.): _bill. _c23cm (pbk) |
||
| 500 | _aIncludes index | ||
| 942 |
_2ddc _cEN _h530 _mJAI |
||
| 999 |
_c39335 _d39335 |
||